| 000 | 01017nam a2200229 i 4500 | ||
|---|---|---|---|
| 001 | 88895 | ||
| 003 | ES-MaACL | ||
| 005 | 20240209210036.0 | ||
| 007 | t| | ||
| 008 | 050118s1899 sp ||||1| spa d | ||
| 080 | _a061.21(460.27)Ateneo | ||
| 100 | 1 |
_aMoret, Segismundo, _d1833-1913 _9162747 |
|
| 245 | 1 | 0 |
_aDiscurso pronunciado por el Excmo. Señor D. Segismundo Moret el día 18 de diciembre de 1899 en el Ateneo Científico, Literario y Artístico de Madrid, con motivo de la apertura de sus cátedras : _b[Decadencia y desprestigio del sistema parlamentario]. |
| 260 |
_aMadrid : _b[s.n.], _c1899 ( _fSucesores de Rivadeneyra) |
||
| 300 |
_a26 p. ; _c25 cm. |
||
| 610 | 2 | 4 |
_aAteneo de Madrid- _vDiscursos de apertura- _yS.XIX. _91912 |
| 610 | 2 | 4 |
_aAteneo de Madrid- _vObras digitalizadas. _91930 |
| 650 | 4 |
_aParlamentarismo. _9136654 |
|
| 852 | 4 |
_aES-MaACL _jB-1628(4) |
|
| 856 | 4 |
_uhttp://www.ateneodemadrid.net/biblioteca_digital/folletos/Discursos-009.pdf _zVer documento |
|
| 999 |
_c88895 _d88895 |
||